Faculty of Law Library — Cairo University

Official Online Catalog

المرجع في نظام العاملين بالقطاع العام فقها وقضاء : (Record no. 48627)

MARC details
000 -LEADER
fixed length control field 01636nam a2200289 i 4500
003 - CONTROL NUMBER IDENTIFIER
control field EG-GICUC
005 - DATE AND TIME OF LATEST TRANSACTION
control field 20260121101434.0
008 - FIXED-LENGTH DATA ELEMENTS--GENERAL INFORMATION
fixed length control field 251206s ua ||||fr|||| 00| 0 ara d
040 ## - CATALOGING SOURCE
Original cataloging agency EG-GICUC
Language of cataloging ara
Transcribing agency EG-GICUC
Modifying agency EG-GICUC
Description conventions rda
041 0# - LANGUAGE CODE
Language code of text/sound track or separate title ara
082 04 - DEWEY DECIMAL CLASSIFICATION NUMBER
Edition number 21
Classification number 345.455
Item number م ر
092 04 - LOCALLY ASSIGNED DEWEY CALL NUMBER (OCLC)
Edition number 21
099 ## - LOCAL FREE-TEXT CALL NUMBER (OCLC)
Classification number Law1 345.455 م ر 1972
245 02 - TITLE STATEMENT
Title المرجع في نظام العاملين بالقطاع العام فقها وقضاء :
Remainder of title وفقا للقانون الجديد رقم 61 لسنه 1971 /
Statement of responsibility, etc. شرح وتعليق فتحى السيد لاشين، عبد الرحيم محمد سعيد.
264 #3 - PRODUCTION, PUBLICATION, DISTRIBUTION, MANUFACTURE, AND COPYRIGHT NOTICE
Place of production, publication, distribution, manufacture القاهرة :
Name of producer, publisher, distributor, manufacturer مطبعة الحضارة العربية،
Date of production, publication, distribution, manufacture, or copyright notice 1972.
300 ## - PHYSICAL DESCRIPTION
Extent 599 ؛صفحة
Dimensions 24 سم.
336 ## - CONTENT TYPE
Source rda content
Content type term text
337 ## - MEDIA TYPE
Source rda media
Media type term Computer
338 ## - CARRIER TYPE
Source rda carrier
Carrier type term Online Resource
505 ## - FORMATTED CONTENTS NOTE
Formatted contents note . شرح فقرى مقارن بالتشريعات المختلفة.<br/>. نقد و تحليل النصوص القانونية.<br/>. حلول قانونية وعملية المشكلات التطبيق.<br/>. أحكام القضاء المدنى والإداري وقرارات هيئات التحكيم.<br/>. فتاوى الجمعية العمومية وإدارات الفتوى المجالس الدولة.<br/>. تعليمات الجهاز المركزي للتنظيم والإدارة .
546 ## - LANGUAGE NOTE
Language note النص باللغة العربية
650 14 - SUBJECT ADDED ENTRY--TOPICAL TERM
Topical term or geographic name entry element النظام القانوني للعاملين بالقطاع العام
650 14 - SUBJECT ADDED ENTRY--TOPICAL TERM
Topical term or geographic name entry element القانون الإداري
856 40 - ELECTRONIC LOCATION AND ACCESS
Uniform Resource Identifier <a href="https://fll.law.cu.edu.eg/fulltext/bks/B07-01126.pdf">https://fll.law.cu.edu.eg/fulltext/bks/B07-01126.pdf</a>
905 ## - Cataloger and Reviser Names
Cataloger Name: Sara El-Gendy
942 ## - ADDED ENTRY ELEMENTS (KOHA)
Source of classification or shelving scheme Dewey Decimal Classification
Koha item type Books
Edition 21
Suppress in OPAC No
Holdings
Withdrawn status Lost status Source of classification or shelving scheme Damaged status Not for loan Collection Home library Current library Date acquired Total checkouts Full call number Barcode Date last seen Copy number Price effective from Koha item type
    Dewey Decimal Classification   Not for loan القانون الإداري جــــامعة القــاهرة مكتبة كلية الحقوق - المبنى الرئيسي 06.12.2025   Law1 345.455 م ر 1972 0701126 C1 B07-01126 06.12.2025 1 06.12.2025 Books
    Dewey Decimal Classification     القانون الإداري جــــامعة القــاهرة مكتبة كلية الحقوق - المبنى الرئيسي 20.01.2026   Law1 345.455 م ر 1972 0701125 C2 B07-01125 20.01.2026 2 20.01.2026 Books
    Dewey Decimal Classification     القانون الإداري جــــامعة القــاهرة مكتبة كلية الحقوق - فـرع الشيخ زايد 05.05.2026   Law2 345.455 م ر 1972 0701536 C3 B07-01536 05.05.2026 3 05.05.2026 Books

© All rights reserved — Faculty of Law, Cairo University